00569nam a2200157 i 450000100060000000300090000600500170001500700030003200800410003510000300007624501010010626000560020730000690026365000480033285200310038030114ES-MaACL20250806052059.0t|030123s1934 sp ||||1| spa d1 aBarrio de Medina, José.10aTratado español de venerología y sifilografía / cJosé Barrio de Medina y colaboradores. aMadrid : bJavier Morata, c1934] (fSaez Hermanos) a912 p., [1] h. pleg., [24] h. de lám. negro y color ; c23 cm. 7aEnfermedades de transmisión sexual2embne aES-MaACLjE-1522 bR.18244